01557nam a22001937a 45000010005000000030006000050050017000110080041000280200018000690400031000870500015001180820012001331000023001452450082001682600046002503000062002965200965003586500040013236783FISKH20250930080944.0250528b cb ||||| |||| 00| 0 eng d a9780794832162 aFISKHbengcFISKH dFISKH  aBT301 .G67 a232.901 aWhitman Publishing aThe Gospels : bA Vault on the Life of Jesus Christ / cBy Whitman Publishing aVirginia : bWhitman Publishing ,c2010.  a144 unnumbered pages : bcolor illustrations ; c27 cm .  aThe Gospel Vault: The Life of Jesus Christ features the story of His extraordinary ministry not only through the holy scriptures of Matthew, Mark, Luke and John, but through centuries of artistic depictions of the Savior's life. Selected events of Christ's childhood, ministry, death and resurrection are lavishly illustrated with a rich pallet of artistic media that spans over 2,000 years. Paintings, sculptures, drawings, etchings, textiles, carvings and mosaics from the ancient to the modern are woven together to create a breathtaking overview of His life. Many of the artworks found in this book are famous, but there are also numerous and fascinating pieces of art from some of the world's lesser-known collections. The text, presented alongside actual scripture, provides an easy-to-understand framework for a deeper insight into the events depicted on the pages, the artists represented and the historical backdrop against which the art was created.  aNew Testament GospelsvNon-fiction